| 000 | 00384cam a2200157ua 4500 | ||
|---|---|---|---|
| 041 |
_amal _h |
||
| 082 |
_a894.8122 _bJOS/AC |
||
| 100 | _aJoseph, Cheruvathur . | ||
| 245 |
_aAchanum makanum / _cCheruvathur Joseph. _hTextual Documents |
||
| 250 |
_a1 / _b. |
||
| 260 |
_aCheruvathur : _bJoseph , _c1963. |
||
| 300 | _a116 ; . | ||
| 504 | _a | ||
| 942 | _cBK | ||
| 999 |
_c12751 _d12751 |
||